Auditing

Salvato in:
Dettagli Bibliografici
Autore principale: Králíček, Vladimír
Altri autori: Müllerová, Libuše
Natura: Libro
Lingua:ceco
Pubblicazione: Praha Bilance 1998
Serie:Vzdělávání účetních v ČR
Soggetti:
Tags: Aggiungi Tag
Nessun Tag, puoi essere il primo ad aggiungerne!!

MARC

LEADER 00000nam a2200000 4500
001 c111015
005 20221109093152.5
041 0 |a cze 
044 |a CZ 
245 1 0 |a Auditing  |c Vladimír Králíček, Libuše Müllerová 
264 1 |a Praha  |b Bilance  |c 1998 
300 |a 222 s. 
490 1 |a Vzdělávání účetních v ČR 
830 0 |a Vzdělávání účetních v ČR 
610 2 0 |a audit 
610 2 0 |a audítori 
610 2 0 |a audítorstvo 
610 2 0 |a účtovníctvo 
610 2 0 |a revízia účtovná 
610 2 0 |a kódexy etické 
610 2 0 |a kvalifikácia 
610 2 0 |a predpisy právne 
610 2 0 |a kontrola finančná 
610 2 0 |a zákazky 
610 2 0 |a systémy účtovné 
610 2 0 |a riziko 
610 2 0 |a testy 
610 2 0 |a závierka účtovná 
610 2 0 |a správy výročné 
610 2 0 |a súvaha 
610 2 0 |a majetok 
610 2 0 |a výsledovka 
610 2 0 |a dokumentácia účtovná 
610 2 0 |a koncepcie 
610 2 0 |a Česko 
100 1 |a Králíček, Vladimír 
700 1 |a Müllerová, Libuše